Classic and cavalier : essays on Jonson and the sons of Ben /

Bibliographic Details
Other Authors: Summers, Claude J., Pebworth, Ted-Larry
Format: Book
Language:English
Published: Pittsburgh : University of Pittsburgh Press, [1982]
Subjects:

MARC

Tag First Indicator Second Indicator Subfields
LEADER 00000pam a2200000 a 4500
001 in00000339213
005 20151011054104.0
008 820125s1982 pau b 00100 eng
010 |a  82001882  
020 |a 0822934612 
035 |a (OCoLC)08169427 
035 |9 ABL9209AM 
040 |a DLC  |c DLC  |d TXA  |d UtOrBLW 
043 |a e-uk--- 
049 |a TXAM 
050 0 0 |a PR2638  |b .C55 1982 
082 0 |a 822/.3  |2 19 
245 0 0 |a Classic and cavalier :  |b essays on Jonson and the sons of Ben /  |c Claude J. Summers, Ted-Larry Pebworth, editors. 
264 1 |a Pittsburgh :  |b University of Pittsburgh Press,  |c [1982] 
264 4 |c ©1982 
300 |a xvii, 290 pages ;  |c 24 cm. 
336 |a text  |b txt  |2 rdacontent 
337 |a unmediated  |b n  |2 rdamedia 
338 |a volume  |b nc  |2 rdacarrier 
504 |a Includes bibliographical references and index. 
536 |a From the library of Harrison T. Meserole, 2002. 
600 1 0 |a Jonson, Ben,  |d 1573?-1637  |x Criticism and interpretation. 
600 1 0 |a Jonson, Ben,  |d 1573?-1637  |x Influence. 
650 0 |a English poetry  |y Early modern, 1500-1700  |x History and criticism. 
700 1 |a Summers, Claude J. 
700 1 |a Pebworth, Ted-Larry. 
999 |a MARS 
999 f f |s 84de28b4-36fc-3d08-b43d-23bc7d4fd000  |i decbb121-27ad-3806-8aae-ab9ccda31d15  |t 0 
952 f f |p normal  |a Texas A&M University  |b College Station  |c Sterling C. Evans Library  |d Evans: Library Stacks  |t 0  |e PR2638 .C55 1982  |h Library of Congress classification  |i unmediated -- volume  |m A14830038674 
998 f f |a PR2638 .C55 1982  |t 0  |l Evans: Library Stacks